|
|
|
|
| LEADER |
00000nam a2200000 a 4500 |
| 001 |
vtls001317687 |
| 003 |
SK-MaSNL |
| 005 |
20260301200146.0 |
| 008 |
240315s1939 xx 0 und |
| 035 |
|
|
|a SNK000270213
|
| 040 |
|
|
|a SNK
|b slo
|c SNK
|e AACR2
|
| 100 |
1 |
|
|a Šupichová, Julie
|4 aut
|9 293348
|
| 245 |
1 |
|
|a Zajímáte se o esperanto?
|b 150 otázek a odpovědí o esperantu a jeho hnutí
|
| 260 |
|
|
|a Potštejn
|b Nákladem BES
|c 1939
|
| 300 |
|
|
|a 96 s.
|
| 999 |
|
|
|c 889231
|d 891161
|
| 952 |
|
|
|t P60, <04>, [BOOK], {604}
|a SNK
|b SNK
|y VYP
|7 0
|p 17A0119498
|o snkIE 3283
|0 0
|1 0
|4 0
|d 1998-01-23
|l 0
|r 2005-01-02 00:00:00
|w 2026-02-24
|